Formas de Países en la Eurocopa 2024 - Estadísticas

Estadísticas generales
  • Esta prueba ha sido intentada 190 veces
    149 desde el último reinicio
  • La puntuación promedio es 20 de 24
Estadísticas de respuestas
Imagen Respuesta % Correcto
España
100%
Italia
98%
Alemania
95%
Croacia
91%
Francia
91%
Portugal
91%
Turquía
88%
Austria
86%
República Checa
85%
Países Bajos
84%
Polonia
84%
Bélgica
83%
Inglaterra
83%
Dinamarca
82%
Suiza
82%
Rumania
80%
Albania
79%
Ucrania
79%
Eslovaquia
78%
Georgia
77%
Escocia
76%
Hungría
75%
Serbia
75%
Eslovenia
72%
No se encontraron pruebas coincidentes
Distribución de puntuación
Porcentaje de gente con cada puntuación
Porcentaje por número respondido
Historial de tus puntuaciones
No has intentado esta prueba desde el último reinicio